Statistics for The Alphabet According to Pixabay

Click here to take the quiz!

General Stats

  • This quiz has been taken 5 times
  • The average score is 17 of 25

Answer Stats

Answer% Correct
D
100%
J
100%
P
100%
A / C
67%
E
67%
F
67%
G
67%
H
67%
I
67%
K
67%
L
67%
M
67%
N
67%
O
67%
Q
67%
R
67%
T
67%
U
67%
V
67%
X
67%
Y
67%
Z
67%
B
33%
S
33%
W
33%

Score Distribution

Percentile by Number Answered

Percent of People with Each Score

Your Score History

You have not taken this quiz